Population by Country in 2100 if Population Growth Rates Didn't Change - Statistics

General Stats
  • This quiz has been taken 63 times
    54 since last reset
  • The average score is 12 of 15
Answer Stats
Population Country % Correct
1.191 Billion China
100%
2.845 Billion India
100%
915 Million Ethiopia
97%
1.112 Billion Nigeria
97%
821 Million Pakistan
95%
1.242 Billion Democratic Republic of the Congo
92%
381 Million Egypt
90%
520 Million U.S.A.
90%
436 Million Bangladesh
87%
515 Million Indonesia
87%
589 Million Tanzania
77%
390 Million Uganda
72%
372 Million Angola
59%
364 Million Yemen
44%
432 Million Syria
31%
No matching quizzes found
Score Distribution
Percent of People with Each Score
Percentile by Number Answered
Your Score History
You have not taken this quiz since the last reset